00230 a2200085 4500100002200000260000900022650001400031650001400045245008500059 aWenoucouna, A. C. c1981 aNUTRITION aGROSSESSE aEtat nutritionnel des femmes enceintes dans la région de Sakété et Cotonou